000 00679nam a2200217 i 4500
001 20875
003 ES-MaACL
005 20230906152359.0
007 t|
008 021119s1964 sp ||||1| spa d
100 1 _aAdorno, Theodor W.
_918468
245 1 0 _aJustificación de la filosofía /
_cTheodor W. Adorno ; traducción del P. Jesús Aguirre.
260 _aMadrid :
_bTaurus,
_c1964.
300 _a68 p. ;
_c19 cm.
490 1 _aCuadernos Taurus ;
_v60
700 1 _aAguirre, Jesús,
_cDuque de Alba.
_9125561
830 0 _aCuadernos Taurus ;
_v60
_9180748
852 _aES-MaACL
_jC-27230
_bR.56139
852 _aES-MaACL
_jC-28221
_bR.55846
999 _c20875
_d20875